<?xml version="1.0" encoding="UTF-8"?>
<collection xmlns="http://www.loc.gov/MARC21/slim">
 <record>
  <leader>00639pamaa2200205   4500</leader>
  <controlfield tag="001">0000004479</controlfield>
  <controlfield tag="005">20080924090000.0</controlfield>
  <datafield tag="020" ind1="0" ind2="0">
   <subfield code="a">078971146X </subfield>
  </datafield>
  <datafield tag="082" ind1=" " ind2=" ">
   <subfield code="a">006.6 MCF 1997</subfield>
  </datafield>
  <datafield tag="090" ind1="0" ind2="0">
   <subfield code="a">QA76.76.H94 </subfield>
   <subfield code="b">MCF 1997</subfield>
  </datafield>
  <datafield tag="100" ind1="1" ind2="0">
   <subfield code="a">MCFEDRIES </subfield>
  </datafield>
  <datafield tag="245" ind1="1" ind2="4">
   <subfield code="a">The Complete idiot's guide to creating an HTML web page  </subfield>
   <subfield code="c">Paul McFedries.</subfield>
  </datafield>
  <datafield tag="250" ind1="0" ind2="0">
   <subfield code="a">2nd ed.</subfield>
  </datafield>
  <datafield tag="260" ind1="0" ind2="0">
   <subfield code="a">Indianapolis: </subfield>
   <subfield code="b">Que Corporation, </subfield>
   <subfield code="c">1997.</subfield>
  </datafield>
  <datafield tag="300" ind1=" " ind2=" ">
   <subfield code="a">xxiv, 328p.: </subfield>
   <subfield code="b">ill.; </subfield>
   <subfield code="c">23cm.</subfield>
  </datafield>
  <datafield tag="500" ind1="0" ind2="0">
   <subfield code="a">Includes 1 CD-ROM</subfield>
  </datafield>
  <datafield tag="650" ind1="0" ind2="0">
   <subfield code="a">Homepage design </subfield>
  </datafield>
  <datafield tag="650" ind1="0" ind2="0">
   <subfield code="a">World Wide Web (Information retrieval system) </subfield>
  </datafield>
  <datafield tag="650" ind1="0" ind2="0">
   <subfield code="a">Interactive multimedia </subfield>
  </datafield>
  <datafield tag="650" ind1="0" ind2="0">
   <subfield code="a">HTML (Document markup language) </subfield>
  </datafield>
 </record>
</collection>
